LEADER 00506oas 2200193z- 450 001 996482667703316 011 $a2775-4243 035 $a(DE-599)ZDB3165047-8 035 $a(CKB)5840000000052380 035 $a(EXLCZ)995840000000052380 100 $a20230906cuuuuuuuu -u- - 101 0 $aeng 200 00$aAscarya 210 $aIndonesia$cPerkumpulan Alumni dan Santri Mahyajatul Qurro' 311 $a2798-5083 906 $aJOURNAL 912 $a996482667703316 996 $aAscarya$92903332 997 $aUNISA